| 000 | 00952nam a22003137a 4500 | ||
|---|---|---|---|
| 001 | 7188 | ||
| 003 | FISKH | ||
| 005 | 20250702090425.0 | ||
| 008 | 250702b cb ||||| |||| 00| 0 eng d | ||
| 020 | _a9780590273817 | ||
| 020 | _a9780590273817 | ||
| 040 |
_aDLC _cDLC _beng |
||
| 050 | _aPZ7.S333 I | ||
| 082 | _a428.62 | ||
| 100 | 1 | _aStephens, Vicki. | |
| 245 | 1 | 0 |
_aI love mud and mud loves me / _cwritten by Vicki Stephens ; pictures by Rowan Barnes-Murphy. |
| 260 |
_aNew York : _bScholastic, _c1994. |
||
| 300 |
_a16 pages : _bcolor illustrations ; _c24 cm |
||
| 338 |
_avolume _bnc _2rdacarrier |
||
| 505 | _aE | ||
| 520 | _aAll that Sam loves returns his love, including his mother. | ||
| 521 | 8 |
_a290
_bLexile AD |
|
| 521 | 8 |
_aE
_bRaz-Plus |
|
| 650 | 1 |
_aCleanliness _xFiction. |
|
| 700 | 1 |
_aBarnes-Murphy, Rowan, _eillustrator |
|
| 906 |
_a7 _bcbc _corignew _d3 _encip _f19 _gy-gencatlg |
||
| 942 |
_2ddc _cBK _n0 |
||
| 999 |
_c7188 _d7188 |
||